Movies Quiz

Random Movies Quiz

Movie Mistakes Quiz Stats

 Plays Quiz not verified by Sporcle

Score 0/20 Timer 04:00
0 Plays Today
Mistake Movie % Correct
Buzz's wings should have been caught on the car track loop when he demonstrates how he flies.Toy Story
91.3%
The wheels on Marty's skateboard when the Doc backs the DeLorean out of the truck change from yellow to pink.Back to the Future
90.3%
In the 'Battle of Carthage' in the Colosseum, one of the chariots is turned over. Once the dust settles you can see a gas cylinder in the back of the chariot. Gladiator
84.8%
When Tony Stark is on stage at the Stark Expo, he is visibly walking forward in close-up shots. In every long-shot, he is shown standing in the very center of the stage.Iron Man 2
83.4%
During the final battle, the Mad Hatter sticks a pin cushion pin into the Knaves' eye. In all subsequent shots of the Knave, his eye shows no damage.Alice in Wonderland
78.3%
During the final fight scene a Spartan says to his king 'my king, it's an honor to die at your side.' His '6-pack' abs are clearly airbrushed.300
76%
Many of the monsters jump and slam from beyond the three point line but every one is only counted as two points.Space Jam
73.8%
The elephant skeletons would have to come from freakishly large elephants. Hyenas could not pass through the trunk socket of an elephant's skull.Lion King
70.8%
When Evie is being processed, it is quite clear that the person shaving her head has normal looking hands, and not burnt hands like when V cooks her breakfast.V for Vendetta
69.3%
During the entire scene on top of the Empire State building, the sun is at least ten times bigger than normal.King Kong
65.6%
Mistake Movie % Correct
When Bateman hits Paul Allen with the axe for the first time, the blood sprays on him before he actually hits him. Also the blood comes from a different angle.American Psycho
55.5%
During the infamous bathroom scene, when Mary knocks on the door and Ted looks around to find 'it' he turns twice toward the camera revealing a spotlessly clean left ear each turn.There's Something About Mary
44.5%
When the Minis are being chased by the helicopter, at one point they drive across a park. On the grass, you can clearly see tire tracks from previous takes.Italian Job
42.6%
The line: 'Imagine what I could do in seven' is incorrect. Genesis says God did it all in 6 days, and on the 7th day he rested.Bruce Almighty
36.6%
When Adam is given the cigarette, he fakes his death and falls to the ground. The saw he broke in the beginning is lying intact on the right side of his head.Saw
34.9%
When they steal the bus from the school for the blind, it never has plates on it. After they arrive in Austin, plates show up on the bus but then disappear and reappearRoad Trip
31.6%
Maggie's fight name of Mo Chuisle is obviously Irish, but she is piped in by Scottish pipers with bagpipes, rather than Irish pipers with uilean (elbow) pipes.Million Dollar Baby
29.9%
At the end of the movie when the pink diamond, now cleaned and mounted, is being placed into a vault drawer, the diamond shown appears to be almost twice as large.Blood Diamond
25.2%
When Amanda becomes entangled in the underwater plane, you can see a diver behind her trying to hide from the camera.Into the Blue
4.5%
When Kevin and Marcus have just beaten up the ice cream deliverers, they pull off their fake chest hair. In the next shot, the chest hair is back, then in it is gone agian.White Chicks
4%

You're not logged in!

Compare scores with friends on all Sporcle quizzes.
OR
Log In

Show Comments

Extras

Created Oct 23, 2010ReportNominate

Top Quizzes Today


Score Distribution

Your Account Isn't Verified!

In order to create a playlist on Sporcle, you need to verify the email address you used during registration. Go to your Sporcle Settings to finish the process.

Report this User

Report this user for behavior that violates our Community Guidelines.

Details: